[Event "Wachtebeke-B"]
[Site "Wachtebeke"]
[Date "2024.02.12"]
[Round "5"]
[White "Dreelinck, Jacob"]
[Black "Kurt, Sascha"]
[Result "1-0"]
[WhiteElo "2196"]
[BlackElo "2002"]
[PlyCount "59"]
[EventDate "2024.02.12"]
[EventType "tourn"]
[EventRounds "9"]
[EventCountry "BEL"]
[SourceTitle "CB08_2024"]
[SourceDate "2024.02.21"]
[SourceVersion "1"]
[SourceVersionDate "2024.02.21"]
[SourceQuality "1"]

1. e4 c5 2. Nf3 d6 3. d4 cxd4 4. Nxd4 Nf6 5. Nc3 e6 6. Be3 Nc6 7. f4 Be7 8. Qf3 e5 9. Nde2 0-0 10. f5 Qa5 11. 0-0-0 Rd8 12. Kb1 b5 13. g4 b4 14. Nd5 Nxd5 15. Rxd5 Qc7 16. g5 Bb7 17. f6 Bf8 18. h4 Rac8 19. Ka1 Nd4 20. Nxd4 Bxd5 21. exd5 exd4 22. Bxd4 b3 23. c3 Qa5 24. a3 Re8 25. Bd3 g6 26. h5 Rc7 27. hxg6 fxg6 28. Bxg6 hxg6 29. f7+ Rxf7 30. Rh8# 1-0

[Event "Wachtebeke-B"]
[Site "Wachtebeke"]
[Date "2024.02.12"]
[Round "2"]
[White "Dreelinck, Jacob"]
[Black "Vandenhole, Kobe"]
[Result "1-0"]
[WhiteElo "2196"]
[BlackElo "2081"]
[PlyCount "57"]
[EventDate "2024.02.12"]
[EventType "tourn"]
[EventRounds "9"]
[EventCountry "BEL"]
[SourceTitle "CB08_2024"]
[SourceDate "2024.02.21"]
[SourceVersion "1"]
[SourceVersionDate "2024.02.21"]
[SourceQuality "1"]

1. e4 c5 2. Nf3 Nc6 3. d4 cxd4 4. Nxd4 e5 5. Nb5 d6 6. N1c3 a6 7. Na3 Be7 8. Nc4 b5 9. Ne3 Nf6 10. Bd3 0-0 11. a4 b4 12. Ncd5 Rb8 13. 0-0 a5 14. c3 Be6 15. Qe2 g6 16. g3 Nd7 17. f4 exf4 18. gxf4 f5 19. exf5 gxf5 20. Bb5 Na7 21. Bc4 Nc5 22. cxb4 axb4 23. b3 Bf6 24. Nxf5 Bxa1 25. Nh6+ Kg7 26. Qg2+ Kh8 27. Bb2+ Rf6 28. Bxa1 Bxd5 29. Bxd5 1-0

[Event "Wachtebeke-B"]
[Site "Wachtebeke"]
[Date "2024.02.12"]
[Round "3"]
[White "Raptis, Filippos"]
[Black "Dreelinck, Jacob"]
[Result "1/2-1/2"]
[WhiteElo "2174"]
[BlackElo "2196"]
[PlyCount "88"]
[EventDate "2024.02.12"]
[EventType "tourn"]
[EventRounds "9"]
[EventCountry "BEL"]
[SourceTitle "CB08_2024"]
[SourceDate "2024.02.21"]
[SourceVersion "1"]
[SourceVersionDate "2024.02.21"]
[SourceQuality "1"]

1. e4 c5 2. Nf3 d6 3. Bb5+ Nd7 4. c3 a6 5. Ba4 Ngf6 6. Qe2 b5 7. Bc2 Bb7 8. 0-0 c4 9. b3 cxb3 10. axb3 g6 11. d4 Bg7 12. Rd1 0-0 13. Nbd2 Rc8 14. Bb2 Qc7 15. Nf1 e5 16. d5 b4 17. c4 Nc5 18. Ne1 a5 19. f3 Bh6 20. Nd3 Nfd7 21. Kh1 Ra8 22. Ne3 Nxd3 23. Bxd3 Nc5 24. Ng4 Bg7 25. Bc2 h5 26. Nf2 Bh6 27. Nd3 Nxd3 28. Bxd3 Qc5 29. g3 Bc8 30. Kg2 Bd7 31. Rf1 Qc8 32. Rf2 h4 33. Bc1 Bxc1 34. Rxc1 hxg3 35. hxg3 Qc5 36. f4 f6 37. fxe5 fxe5 38. Rcf1 Kg7 39. Qd2 Rxf2+ 40. Rxf2 Rh8 41. Bf1 Bg4 42. Qg5 Rh2+ 43. Kxh2 Qxf2+ 44. Bg2 Bf3 1/2-1/2

[Event "Wch U16"]
[Site "Montesilvano"]
[Date "2023.11.22"]
[Round "9"]
[White "Dreelinck, Jacob"]
[Black "Cao, Qingfeng"]
[Result "1-0"]
[WhiteElo "2181"]
[BlackElo "1853"]
[PlyCount "105"]
[EventDate "2023.11.13"]
[EventType "swiss"]
[EventRounds "11"]
[EventCountry "ITA"]
[SourceTitle "CB48_2023"]
[SourceDate "2023.11.29"]
[SourceVersion "1"]
[SourceVersionDate "2023.11.29"]
[SourceQuality "1"]

1. e4 c6 2. d4 d5 3. Nc3 dxe4 4. Nge2 Nf6 5. Ng3 Bg4 6. Be2 Bxe2 7. Qxe2 e6 8. Ncxe4 Nbd7 9. Bf4 Nxe4 10. Nxe4 Nf6 11. Nxf6+ Qxf6 12. Be5 Qg6 13. d5 Rd8 14. 0-0-0 cxd5 15. Rhe1 Be7 16. Qb5+ Rd7 17. f4 a6 18. Qa4 Bf6 19. Kb1 Bxe5 20. Rxe5 Qg4 21. Rde1 b5 22. Qxa6 0-0 23. Qxb5 Rc7 24. g3 g6 25. Qf1 f6 26. Rxe6 Rfc8 27. Re8+ Rxe8 28. Rxe8+ Kf7 29. Re1 Qd7 30. Qd3 Qc6 31. h4 Kg7 32. g4 Qc4 33. Qd2 d4 34. b3 Qc5 35. Rd1 Qc6 36. g5 Rd7 37. Qd3 Rd6 38. a4 Rd5 39. Qe4 Qd7 40. Kb2 Rd6 41. gxf6+ Kxf6 42. Qe5+ Kf7 43. h5 gxh5 44. Rg1 Rg6 45. Qxh5 Kg7 46. Rh1 Kg8 47. f5 Rg2 48. Qf3 Rg5 49. f6 Qf5 50. f7+ Kxf7 51. Rxh7+ Kg6 52. Qxf5+ Kxf5 53. Re7 1-0

[Event "Bruges Masters op"]
[Site "Bruges"]
[Date "2023.08.17"]
[Round "8"]
[White "Follesa, Enrico"]
[Black "Dreelinck, Jacob"]
[Result "1-0"]
[WhiteElo "2209"]
[BlackElo "2197"]
[PlyCount "81"]
[EventDate "2023.08.12"]
[EventType "swiss"]
[EventRounds "9"]
[EventCountry "BEL"]
[SourceTitle "CBM 215 Extra"]
[Source "ChessBase"]
[SourceDate "2023.09.30"]
[SourceVersion "1"]
[SourceVersionDate "2023.09.30"]
[SourceQuality "1"]

1. e4 e6 2. d4 d5 3. Nd2 Nf6 4. e5 Nfd7 5. Bd3 c5 6. c3 Nc6 7. Ne2 cxd4 8. cxd4 f6 9. exf6 Nxf6 10. Nf3 Bd6 11. 0-0 0-0 12. Bf4 Nh5 13. Bxd6 Qxd6 14. Bb5 Nd8 15. Qd2 a6 16. Bd3 Nc6 17. Rfe1 Bd7 18. Rac1 Rxf3 19. gxf3 Rf8 20. Qe3 Nf4 21. a3 Nxe2+ 22. Bxe2 Rf4 23. Red1 Be8 24. b4 Bh5 25. Rc2 g5 26. a4 Kf7 27. b5 Rh4 28. f4 Bg6 29. bxc6 Bxc2 30. Rc1 gxf4 31. Qf3 Qxc6 32. Bd3 Qxa4 33. Rxc2 Qa1+ 34. Bf1 Qxd4 35. Rc7+ Ke8 36. Qg2 Kd8 37. Rf7 Qh8 38. Qg5+ Kc8 39. Rg7 Rh5 40. Rg8+ Kd7 41. Qd8+ 1-0

[Event "Bruges Masters op"]
[Site "Bruges"]
[Date "2023.08.15"]
[Round "5"]
[White "Dreelinck, Jacob"]
[Black "Bradbury, Neil H"]
[Result "1-0"]
[WhiteElo "2197"]
[BlackElo "2218"]
[PlyCount "39"]
[EventDate "2023.08.12"]
[EventType "swiss"]
[EventRounds "9"]
[EventCountry "BEL"]
[SourceTitle "CBM 215 Extra"]
[Source "ChessBase"]
[SourceDate "2023.09.30"]
[SourceVersion "1"]
[SourceVersionDate "2023.09.30"]
[SourceQuality "1"]

1. d4 Nf6 2. c4 e6 3. Nf3 b6 4. g4 Bb7 5. g5 Ne4 6. Bg2 Bb4+ 7. Kf1 0-0 8. c5 f6 9. g6 bxc5 10. a3 cxd4 11. axb4 e5 12. gxh7+ Kh8 13. Nh4 Qe8 14. Nd2 f5 15. Nc4 d6 16. Rg1 Kxh7 17. Ra3 Qf7 18. Rh3 Kg8 19. Na5 Ba6 20. Ng6 1-0

[Event "Ghent op-B 44th"]
[Site "Ghent"]
[Date "2023.07.17"]
[Round "6"]
[White "Ikonnikov, Vyacheslav"]
[Black "Dreelinck, Jacob"]
[Result "1/2-1/2"]
[WhiteElo "2467"]
[BlackElo "2089"]
[PlyCount "97"]
[EventDate "2023.07.11"]
[EventType "swiss"]
[EventRounds "9"]
[EventCountry "BEL"]
[SourceTitle "EXT 2024"]
[Source "ChessBase"]
[SourceDate "2023.10.10"]
[SourceVersion "1"]
[SourceVersionDate "2023.10.10"]
[SourceQuality "1"]

1. d4 Nf6 2. c4 g6 3. Nc3 Bg7 4. e4 d6 5. Nf3 0-0 6. Be2 e5 7. d5 Nbd7 8. Be3 Ng4 9. Bg5 f6 10. Bh4 Nh6 11. Nd2 Nf7 12. b4 Bh6 13. Nb3 Ng5 14. 0-0 f5 15. Kh1 Nf6 16. f3 Nf7 17. Qc2 g5 18. Bf2 f4 19. Nd2 g4 20. fxg4 Nxg4 21. Bxg4 Bxg4 22. Nf3 Kh8 23. Ne2 Rg8 24. Neg1 a5 25. a3 Qf6 26. Bh4 Qg6 27. c5 Bg5 28. Be1 Be7 29. bxa5 dxc5 30. Bc3 Bd6 31. Rab1 b6 32. axb6 Bxf3 33. Nxf3 Rxa3 34. Nh4 Qg4 35. b7 c6 36. Bb2 Rg3 37. hxg3 fxg3 38. Rxf7 c4 39. Kg1 Qxh4 40. Kf1 Qh1+ 41. Ke2 Qxg2+ 42. Kd1 Qh1+ 43. Kd2 Bb4+ 44. Bc3 Qh6+ 45. Ke2 Qh2+ 46. Kd1 Qh1+ 47. Kd2 Qh6+ 48. Kd1 Qh1+ 49. Kd2 1/2-1/2

[Event "Wachtebeke op"]
[Site "Wachtebeke"]
[Date "2022.03.03"]
[Round "9"]
[White "Li Behn, Tobias"]
[Black "Dreelinck, Jacob"]
[Result "1/2-1/2"]
[WhiteElo "1538"]
[BlackElo "1991"]
[PlyCount "102"]
[EventDate "2022.02.26"]
[EventType "swiss"]
[EventRounds "9"]
[EventCountry "BEL"]
[SourceTitle "CBM 207 Extra"]
[Source "ChessBase"]
[SourceDate "2022.05.31"]
[SourceVersion "1"]
[SourceVersionDate "2022.05.31"]
[SourceQuality "1"]

1. d4 Nf6 2. Bf4 c6 3. c3 Qb6 4. Qb3 d6 5. Nd2 g6 6. e4 Bg7 7. Be2 0-0 8. Ngf3 Nbd7 9. h3 c5 10. Bc4 Ne8 11. e5 dxe5 12. dxe5 Nc7 13. 0-0 Qxb3 14. Bxb3 Nb6 15. Rad1 Be6 16. Be3 Nd7 17. Ne4 c4 18. Ba4 b5 19. Bc2 Nxe5 20. Nxe5 Bxe5 21. Nc5 Rfd8 22. Nxe6 fxe6 23. Be4 Nd5 24. Bc5 Bd6 25. Bxd5 exd5 26. Rxd5 Bh2+ 27. Kxh2 Rxd5 28. Bxe7 Rd2 29. Ba3 Rb8 30. Bc5 a6 31. Rb1 Rd5 32. Bd4 b4 33. Re1 Kf7 34. Re4 Rbd8 35. Kg3 b3 36. axb3 cxb3 37. Be3 a5 38. Ra4 Ra8 39. Bd4 Ke6 40. Kf3 Kd6 41. Ke3 Rb5 42. Kd3 Rb7 43. Be3 Kc6 44. Kc4 Rb5 45. Kd3 Kb7 46. c4 Rb4 47. Rxb4+ axb4 48. c5 Ra2 49. Bd4 Ra1 50. Kc4 Rd1 51. Be3 Rb1 1/2-1/2